| 000 | 00711nam a2200241 a 4500 | ||
|---|---|---|---|
| 001 | BRCA_7976 | ||
| 005 | 20190320210058.0 | ||
| 008 | 110314t19721970enka###f##---#000-0#eng-# | ||
| 041 | _aeng | ||
| 044 | _aenk | ||
| 050 | 4 |
_aSB409 _b.O65 _c1970 |
|
| 100 | 1 |
_aOplt, J. _919775 |
|
| 245 | 1 | 0 |
_aOrchids _b56 plates in colour _ctext by J. Oplt ; ilustrations by J. Kaplicka ; traslated by Joy Twrner Kadeckova. |
| 260 |
_aLondon _bSpring Books _c1970 |
||
| 300 |
_a138 p. _bil. a color _c26 cm. |
||
| 500 | _a3169 | ||
| 650 | 1 | 4 |
_aOrquÃdeas _97665 |
| 650 | 1 | 4 |
_aPlantas ornamentales _919776 |
| 700 | 1 |
_aKaplicka, J. _eil. _919777 |
|
| 700 | 1 |
_aTwrner Kadeckova, Joy _etr. _919778 |
|
| 902 | _aGFM | ||
| 942 |
_2lcc _cB |
||
| 999 |
_c7645 _d7645 |
||